Association of Consulting Engineers Malaysia : directory 1995/96..
| Format: | Book |
|---|---|
| Published: |
Kuala Lumpur:
Association of Consulting Engineers Malaysia,
1995.
|
| Subjects: |
| LEADER | 00536cam a2200169 7i4500 | ||
|---|---|---|---|
| 001 | 0000003722 | ||
| 005 | 19991025090000.0 | ||
| 002 | ##000005113 | ||
| 020 | 0 | 0 | |a T000004547 |
| 090 | 0 | 0 | |a M 620.025 |b DIR |
| 245 | 0 | 0 | |a Association of Consulting Engineers Malaysia : |b directory 1995/96.. |
| 260 | 0 | 0 | |a Kuala Lumpur: |b Association of Consulting Engineers Malaysia, |c 1995. |
| 300 | 0 | 0 | |a 294 p.. |
| 650 | 0 | 0 | |a Directories |
| 650 | 0 | 0 | |a Engineering -- |x Societies, etc. |
| 651 | 0 | 0 | |a Malaysia |
| 999 | |a 0000005863 |b Book |c Open shelf |e Business Information Centre | ||